| 000 | 00768cam a22002291 4500 | ||
|---|---|---|---|
| 001 | ca 35000546 | ||
| 003 | DLC | ||
| 005 | 20260227111138.0 | ||
| 008 | 790106s1935 xx 000 0 eng | ||
| 010 | _aca 35000546 | ||
| 035 | _a(OCoLC)4528172 | ||
| 040 |
_aDLC _cOCl _dDLC |
||
| 042 | _apremarc | ||
| 050 | 0 | 0 |
_aPS3503.E7169 _bS5 1935 |
| 082 | _a812.5 | ||
| 100 | 1 | _aBernard, Frank H. | |
| 245 | 1 | 0 |
_aSilas, the chore boy, _ba romance of New England, in three acts, _cby Frank H. Bernard, as arranged for production at the Millbrook theatre, Millbrook, N.Y., by Edward Massey. |
| 260 |
_aBoston, _bWalter H. Baker company _c[c1935] |
||
| 300 |
_a3 p. l., 5-102 p. _bplates, diagrs. _c20 cm. |
||
| 490 | 0 | _aBaker's professional plays | |
| 700 | 1 | _aMassey, Edward. | |
| 999 |
_c17844 _d17844 |
||